[Event "Baku Chess Olympiad | Open"]
[Site "chess24.com"]
[Date "2016.09.12"]
[Round "10"]
[White "Odeev, Handszar"]
[Black "Barrientos, Sergio E"]
[Result "0-1"]
[Board "4"]
[WhiteID "14000091"]
[WhiteElo "2401"]
[WhiteTitle "GM"]
[WhiteCountry "TKM"]
[WhiteFideId "14000091"]
[WhiteEloChange "-4"]
[BlackID "4401824"]
[BlackElo "2465"]
[BlackTitle "GM"]
[BlackCountry "COL"]
[BlackFideId "4401824"]
[BlackEloChange "4"]

1. e4 {[%clk 1:30:56]} c5 {[%clk 1:30:54]} 2. Nf3 {[%clk 1:31:18]} e6 {[%clk
1:30:58]} 3. Qe2 {[%clk 1:30:13]} Nc6 {[%clk 1:29:51]} 4. g3 {[%clk 1:29:00]} g6
{[%clk 1:24:53]} 5. Bg2 {[%clk 1:27:41]} Bg7 {[%clk 1:25:17]} 6. h4 {[%clk
1:27:00]} h6 {[%clk 1:24:16]} 7. c3 {[%clk 1:21:32]} Nge7 {[%clk 1:23:19]} 8. Na3
{[%clk 1:21:23]} d6 {[%clk 1:22:21]} 9. d4 {[%clk 1:16:06]} cxd4 {[%clk 1:20:35]}
10. cxd4 {[%clk 1:16:22]} Nxd4 {[%clk 1:19:02]} 11. Nxd4 {[%clk 1:16:42]} Bxd4
{[%clk 1:19:26]} 12. O-O {[%clk 0:49:40]} Bg7 {[%clk 1:18:02]} 13. Rd1 {[%clk
0:46:36]} O-O {[%clk 1:17:38]} 14. Bf4 {[%clk 0:46:19]} e5 {[%clk 1:01:38]} 15.
Be3 {[%clk 0:46:21]} Nc6 {[%clk 1:00:30]} 16. Nb5 {[%clk 0:43:06]} Be6 {[%clk
0:58:07]} 17. Nxd6 {[%clk 0:33:45]} Qc7 {[%clk 0:53:08]} 18. Nb5 {[%clk 0:23:15]}
Qe7 {[%clk 0:51:37]} 19. Rac1 {[%clk 0:23:11]} Rfc8 {[%clk 0:46:46]} 20. Bc5
{[%clk 0:22:12]} Qf6 {[%clk 0:46:26]} 21. Nd6 {[%clk 0:19:16]} Rcb8 {[%clk
0:40:35]} 22. b4 {[%clk 0:17:32]} a6 {[%clk 0:40:40]} 23. a3 {[%clk 0:16:30]} h5
{[%clk 0:35:12]} 24. Be3 {[%clk 0:09:23]} Qe7 {[%clk 0:35:08]} 25. Bg5 {[%clk
0:07:44]} Qf8 {[%clk 0:33:24]} 26. Nxb7 {[%clk 0:07:05]} Nd4 {[%clk 0:32:55]} 27.
Rxd4 {[%clk 0:07:23]} exd4 {[%clk 0:33:20]} 28. e5 {[%clk 0:06:39]} Ra7 {[%clk
0:31:17]} 29. Nd6 {[%clk 0:05:59]} a5 {[%clk 0:26:57]} 30. b5 {[%clk 0:06:21]}
Rd7 {[%clk 0:27:14]} 31. Rc6 {[%clk 0:06:27]} d3 {[%clk 0:26:34]} 32. Qe1 {[%clk
0:06:05]} a4 {[%clk 0:25:18]} 33. b6 {[%clk 0:05:40]} Bh6 {[%clk 0:25:01]} 34. b7
{[%clk 0:01:46]} Bxg5 {[%clk 0:25:26]} 35. hxg5 {[%clk 0:01:46]} Rbxb7 {[%clk
0:21:49]} 36. Qd2 {[%clk 0:00:51]} Rb3 {[%clk 0:20:02]} 37. Be4 {[%clk 0:00:41]}
Rxa3 {[%clk 0:19:55]} 38. Kh2 {[%clk 0:00:38]} Ra2 {[%clk 0:20:10]} 39. Qxd3
{[%clk 0:00:59]} Rxf2+ {[%clk 0:17:07]} 40. Kg1 {[%clk 0:31:22]} Rb2 {[%clk
0:47:27]} 41. Bxg6 {[%clk 0:14:39]} Qb8 {[%clk 0:36:17]} 42. Bxf7+ {[%clk
0:11:06]} Bxf7 {[%clk 0:30:13]} 43. e6 {[%clk 0:11:10]} Qa7+ {[%clk 0:28:03]} 44.
Kh1 {[%clk 0:10:53]} Rd8 {[%clk 0:22:23]} 45. Qf5 {[%clk 0:07:39]} Be8 {[%clk
0:22:01]} 0-1

[Event "Baku Chess Olympiad | Open"]
[Site "chess24.com"]
[Date "2016.09.12"]
[Round "10"]
[White "Jumabayev, Rinat"]
[Black "Gundavaa, Bayarsaikhan"]
[Result "1/2-1/2"]
[Board "1"]
[WhiteID "13702661"]
[WhiteElo "2604"]
[WhiteTitle "GM"]
[WhiteCountry "KAZ"]
[WhiteFideId "13702661"]
[WhiteEloChange "-2"]
[BlackID "4901045"]
[BlackElo "2492"]
[BlackTitle "GM"]
[BlackCountry "MGL"]
[BlackFideId "4901045"]
[BlackEloChange "2"]

1. Nf3 {[%clk 1:30:58]} Nf6 {[%clk 1:29:50]} 2. g3 {[%clk 1:30:58]} d5 {[%clk
1:29:02]} 3. Bg2 {[%clk 1:31:19]} e6 {[%clk 1:25:38]} 4. O-O {[%clk 1:31:38]} Be7
{[%clk 1:25:54]} 5. d3 {[%clk 1:31:05]} O-O {[%clk 1:26:12]} 6. Nbd2 {[%clk
1:31:29]} c5 {[%clk 1:25:35]} 7. e4 {[%clk 1:31:52]} Nc6 {[%clk 1:26:01]} 8. Re1
{[%clk 1:32:16]} Qc7 {[%clk 1:24:28]} 9. Nf1 {[%clk 1:15:47]} dxe4 {[%clk
1:19:50]} 10. dxe4 {[%clk 1:13:58]} Rd8 {[%clk 1:20:14]} 11. Qe2 {[%clk 1:14:24]}
b6 {[%clk 1:00:06]} 12. e5 {[%clk 1:14:29]} Nd7 {[%clk 0:58:31]} 13. h4 {[%clk
0:58:30]} Bb7 {[%clk 0:57:16]} 14. c3 {[%clk 0:58:44]} Bf8 {[%clk 0:52:10]} 15.
h5 {[%clk 0:56:02]} Ne7 {[%clk 0:49:01]} 16. h6 {[%clk 0:54:08]} gxh6 {[%clk
0:36:02]} 17. N1h2 {[%clk 0:46:55]} Kh8 {[%clk 0:30:58]} 18. Ng4 {[%clk 0:26:29]}
Nf5 {[%clk 0:31:17]} 19. Bf4 {[%clk 0:26:44]} Bg7 {[%clk 0:31:41]} 20. Ne3 {[%clk
0:25:46]} Ne7 {[%clk 0:30:49]} 21. Nc4 {[%clk 0:25:15]} Ng6 {[%clk 0:23:00]} 22.
Nd6 {[%clk 0:16:08]} Bxf3 {[%clk 0:09:21]} 23. Bxf3 {[%clk 0:15:40]} Ndxe5 {[%clk
0:09:36]} 24. Bxa8 {[%clk 0:15:40]} Rxa8 {[%clk 0:08:00]} 25. Bxe5 {[%clk
0:14:26]} Nxe5 {[%clk 0:08:19]} 26. Rad1 {[%clk 0:13:49]} c4 {[%clk 0:07:41]} 27.
Qh5 {[%clk 0:12:12]} Ng6 {[%clk 0:02:58]} 28. Qb5 {[%clk 0:10:57]} Bf8 {[%clk
0:03:13]} 29. Nxc4 {[%clk 0:04:43]} a6 {[%clk 0:03:38]} 30. Qxb6 {[%clk 0:03:17]}
Qxc4 {[%clk 0:03:57]} 31. Qb7 {[%clk 0:03:42]} Re8 {[%clk 0:02:34]} 32. Qxf7
{[%clk 0:04:03]} Re7 {[%clk 0:02:15]} 33. Qf6+ {[%clk 0:04:25]} Kg8 {[%clk
0:02:41]} 34. Rd8 {[%clk 0:04:11]} Qc7 {[%clk 0:02:07]} 35. Red1 {[%clk 0:04:13]}
Qb7 {[%clk 0:00:59]} 36. R1d2 {[%clk 0:03:41]} h5 {[%clk 0:01:15]} 37. Qd4 {[%clk
0:01:10]} Qf3 {[%clk 0:01:14]} 38. Qe3 {[%clk 0:00:43]} Qf5 {[%clk 0:01:29]} 39.
Qd3 {[%clk 0:00:40]} Qg4 {[%clk 0:01:11]} 40. Qxa6 {[%clk 0:30:43]} h4 {[%clk
0:30:40]} 41. Qe2 {[%clk 0:28:32]} Qg5 {[%clk 0:29:08]} 42. Qe3 {[%clk 0:22:33]}
Qf5 {[%clk 0:28:47]} 43. Re2 {[%clk 0:20:31]} Qb1+ {[%clk 0:21:12]} 44. Kh2
{[%clk 0:18:47]} hxg3+ {[%clk 0:16:36]} 45. fxg3 {[%clk 0:19:02]} Qxa2 {[%clk
0:16:59]} 46. Rf2 {[%clk 0:17:53]} Rf7 {[%clk 0:16:27]} 47. Rxf7 {[%clk 0:14:41]}
Kxf7 {[%clk 0:16:53]} 48. Rd2 {[%clk 0:14:39]} Bg7 {[%clk 0:12:17]} 49. Qf3+
{[%clk 0:10:25]} Kg8 {[%clk 0:12:27]} 50. Rd7 {[%clk 0:09:52]} e5 {[%clk
0:08:19]} 51. Qb7 {[%clk 0:04:20]} Bf6 {[%clk 0:06:09]} 52. Rxh7 {[%clk 0:03:28]}
Ne7 {[%clk 0:06:14]} 53. Rh5 {[%clk 0:02:14]} Qb1 {[%clk 0:05:42]} 54. Qb8+
{[%clk 0:01:13]} Kf7 {[%clk 0:05:54]} 55. Qb5 {[%clk 0:00:52]} Qc2+ {[%clk
0:05:41]} 56. Kh3 {[%clk 0:01:13]} Qe4 {[%clk 0:05:19]} 57. Qf1 {[%clk 0:01:03]}
Kg6 {[%clk 0:05:13]} 58. Qd1 {[%clk 0:00:52]} Nf5 {[%clk 0:01:19]} 59. Qg4+
{[%clk 0:00:53]} Qxg4+ {[%clk 0:01:37]} 60. Kxg4 {[%clk 0:01:22]} Ne3+ {[%clk
0:01:57]} 61. Kf3 {[%clk 0:01:49]} Kxh5 {[%clk 0:02:23]} 62. Kxe3 {[%clk
0:02:14]} e4 {[%clk 0:02:45]} 63. Kf4 {[%clk 0:01:16]} Be5+ {[%clk 0:02:45]} 64.
Kxe4 {[%clk 0:01:39]} Bxg3 {[%clk 0:03:03]} 65. c4 {[%clk 0:00:43]} Kg5 {[%clk
0:03:18]} 66. Kd5 {[%clk 0:01:02]} Kf6 {[%clk 0:02:59]} 67. c5 {[%clk 0:00:47]}
Be1 {[%clk 0:02:08]} 68. Kd6 {[%clk 0:00:46]} Bb4 {[%clk 0:02:30]} 69. b3 {[%clk
0:01:07]} Ba3 {[%clk 0:01:41]} 70. Kc6 {[%clk 0:01:00]} Ke6 {[%clk 0:02:00]} 71.
Kb6 {[%clk 0:01:09]} Kd7 {[%clk 0:01:49]} 1/2-1/2

[Event "Baku Chess Olympiad | Open"]
[Site "chess24.com"]
[Date "2016.09.12"]
[Round "10"]
[White "Batchuluun, Tsegmed"]
[Black "Utegaliyev, Azamat"]
[Result "1/2-1/2"]
[Board "2"]
[WhiteID "4900847"]
[WhiteElo "2513"]
[WhiteTitle "GM"]
[WhiteCountry "MGL"]
[WhiteFideId "4900847"]
[BlackID "13702467"]
[BlackElo "2513"]
[BlackCountry "KAZ"]
[BlackFideId "13702467"]

1. d4 {[%clk 1:30:50]} Nf6 {[%clk 1:30:56]} 2. c4 {[%clk 1:31:10]} e6 {[%clk
1:31:13]} 3. Nf3 {[%clk 1:31:13]} b6 {[%clk 1:31:32]} 4. g3 {[%clk 1:31:37]} Bb7
{[%clk 1:31:59]} 5. Bg2 {[%clk 1:32:03]} Bb4+ {[%clk 1:32:25]} 6. Bd2 {[%clk
1:32:17]} Be7 {[%clk 1:30:07]} 7. O-O {[%clk 1:29:24]} O-O {[%clk 1:30:20]} 8.
Nc3 {[%clk 1:29:32]} Ne4 {[%clk 1:28:50]} 9. Ne5 {[%clk 1:21:18]} Nxc3 {[%clk
1:26:28]} 10. Bxc3 {[%clk 1:21:27]} Bxg2 {[%clk 1:26:55]} 11. Kxg2 {[%clk
1:21:50]} d6 {[%clk 1:21:29]} 12. Nf3 {[%clk 1:21:18]} a6 {[%clk 1:18:40]} 13. d5
{[%clk 1:11:41]} e5 {[%clk 1:18:14]} 14. e4 {[%clk 1:11:52]} Nd7 {[%clk 1:18:33]}
15. Nd2 {[%clk 1:11:41]} Bg5 {[%clk 1:18:10]} 16. f4 {[%clk 1:01:17]} exf4 {[%clk
1:17:17]} 17. gxf4 {[%clk 1:01:41]} Bf6 {[%clk 1:17:32]} 18. Qf3 {[%clk 0:42:52]}
Bxc3 {[%clk 1:15:08]} 19. Qxc3 {[%clk 0:42:13]} Qh4 {[%clk 1:13:43]} 20. Rae1
{[%clk 0:41:03]} Rae8 {[%clk 1:13:01]} 21. Kh1 {[%clk 0:39:09]} Re7 {[%clk
1:11:58]} 22. Nf3 {[%clk 0:28:51]} Qh3 {[%clk 1:04:58]} 23. Rg1 {[%clk 0:27:40]}
g6 {[%clk 1:04:56]} 24. Rg3 {[%clk 0:27:09]} Qh6 {[%clk 1:04:56]} 25. Ng5 {[%clk
0:24:02]} Qg7 {[%clk 1:03:09]} 26. Qxg7+ {[%clk 0:22:36]} Kxg7 {[%clk 1:03:37]}
27. Rge3 {[%clk 0:22:58]} b5 {[%clk 0:48:07]} 28. cxb5 {[%clk 0:20:57]} axb5
{[%clk 0:46:18]} 29. e5 {[%clk 0:20:47]} Nb6 {[%clk 0:33:19]} 30. exd6 {[%clk
0:15:55]} Rxe3 {[%clk 0:33:25]} 31. Rxe3 {[%clk 0:16:24]} Nxd5 {[%clk 0:33:26]}
32. Rd3 {[%clk 0:08:58]} c6 {[%clk 0:32:59]} 33. Nf3 {[%clk 0:05:55]} Rd8 {[%clk
0:27:25]} 34. Ne5 {[%clk 0:06:11]} Rxd6 {[%clk 0:26:40]} 35. Nxc6 {[%clk
0:06:33]} Rxc6 {[%clk 0:26:59]} 36. Rxd5 {[%clk 0:06:59]} Rc1+ {[%clk 0:27:26]}
37. Kg2 {[%clk 0:07:25]} Rc2+ {[%clk 0:27:53]} 38. Kg3 {[%clk 0:07:41]} Rxb2
{[%clk 0:28:19]} 39. a3 {[%clk 0:05:22]} Rb3+ {[%clk 0:27:04]} 40. Kg2 {[%clk
0:35:40]} f5 {[%clk 0:52:51]} 41. Rd7+ {[%clk 0:29:15]} Kh6 {[%clk 0:51:23]} 42.
Ra7 {[%clk 0:29:41]} Rb2+ {[%clk 0:51:21]} 43. Kg3 {[%clk 0:29:50]} Ra2 {[%clk
0:51:45]} 44. h3 {[%clk 0:25:11]} b4 {[%clk 0:51:18]} 45. a4 {[%clk 0:25:37]}
Ra3+ {[%clk 0:50:04]} 46. Kg2 {[%clk 0:26:04]} b3 {[%clk 0:50:20]} 47. a5 {[%clk
0:25:47]} Ra4 {[%clk 0:50:38]} 48. Rb7 {[%clk 0:22:43]} Rxf4 {[%clk 0:51:00]} 49.
Rxb3 {[%clk 0:21:51]} Ra4 {[%clk 0:51:26]} 50. Rb5 {[%clk 0:22:04]} Kg5 {[%clk
0:49:10]} 51. Rb7 {[%clk 0:16:24]} Ra2+ {[%clk 0:40:35]} 52. Kf3 {[%clk 0:15:44]}
Ra3+ {[%clk 0:40:54]} 53. Kg2 {[%clk 0:15:24]} h6 {[%clk 0:38:43]} 54. Rb5 {[%clk
0:14:05]} h5 {[%clk 0:35:07]} 55. Rb6 {[%clk 0:06:16]} Ra2+ {[%clk 0:33:31]} 56.
Kg1 {[%clk 0:04:29]} Rxa5 {[%clk 0:30:45]} 57. h4+ {[%clk 0:04:55]} Kxh4 {[%clk
0:15:32]} 58. Rxg6 {[%clk 0:05:23]} Ra2 {[%clk 0:09:40]} 59. Rg8 {[%clk 0:05:24]}
Ra4 {[%clk 0:02:42]} 60. Kf2 {[%clk 0:05:22]} Rf4+ {[%clk 0:01:49]} 61. Ke3
{[%clk 0:05:22]} Rg4 {[%clk 0:02:14]} 62. Rf8 {[%clk 0:03:22]} Kg5 {[%clk
0:00:55]} 63. Rg8+ {[%clk 0:02:51]} Kh4 {[%clk 0:00:49]} 64. Rf8 {[%clk 0:03:18]}
Rg5 {[%clk 0:01:18]} 65. Kf3 {[%clk 0:02:56]} Rg3+ {[%clk 0:01:04]} 66. Kf2
{[%clk 0:02:58]} Rg5 {[%clk 0:01:33]} 67. Kf3 {[%clk 0:03:21]} Kh3 {[%clk
0:01:07]} 68. Ra8 {[%clk 0:00:55]} Rg1 {[%clk 0:01:04]} 69. Kf2 {[%clk 0:01:02]}
Rb1 {[%clk 0:01:12]} 70. Rg8 {[%clk 0:01:20]} h4 {[%clk 0:01:13]} 71. Rg5 {[%clk
0:01:39]} Rb5 {[%clk 0:00:33]} 72. Kf1 {[%clk 0:01:52]} Rb1+ {[%clk 0:00:35]} 73.
Kf2 {[%clk 0:02:17]} f4 {[%clk 0:01:01]} 74. Rg8 {[%clk 0:02:19]} Rb3 {[%clk
0:01:21]} 75. Rf8 {[%clk 0:01:37]} Rb2+ {[%clk 0:01:22]} 76. Kf3 {[%clk 0:01:44]}
Rb4 {[%clk 0:01:50]} 77. Rh8 {[%clk 0:01:38]} Ra4 {[%clk 0:01:48]} 78. Rh7 {[%clk
0:02:04]} Rc4 {[%clk 0:01:34]} 79. Rh8 {[%clk 0:02:29]} Rd4 {[%clk 0:02:03]} 80.
Rh7 {[%clk 0:02:54]} Rb4 {[%clk 0:02:30]} 81. Rh8 {[%clk 0:03:16]} Ra4 {[%clk
0:02:05]} 82. Rh7 {[%clk 0:03:42]} Ra8 {[%clk 0:02:11]} 83. Kxf4 {[%clk 0:02:47]}
Rf8+ {[%clk 0:02:39]} 84. Ke3 {[%clk 0:03:11]} Kg4 {[%clk 0:02:23]} 85. Rg7+
{[%clk 0:03:37]} Kh5 {[%clk 0:02:21]} 86. Rh7+ {[%clk 0:03:53]} Kg4 {[%clk
0:02:39]} 87. Rg7+ {[%clk 0:04:18]} Kh3 {[%clk 0:03:07]} 88. Ke2 {[%clk 0:04:33]}
Kh2 {[%clk 0:03:24]} 89. Rg6 {[%clk 0:04:56]} h3 {[%clk 0:02:51]} 90. Rg7 {[%clk
0:05:22]} Ra8 {[%clk 0:02:28]} 91. Kf2 {[%clk 0:05:16]} Ra2+ {[%clk 0:02:55]} 92.
Kf1 {[%clk 0:05:34]} Rg2 {[%clk 0:03:15]} 93. Ra7 {[%clk 0:05:33]} Kh1 {[%clk
0:03:17]} 94. Rh7 {[%clk 0:05:42]} h2 {[%clk 0:03:06]} 95. Rf7 {[%clk 0:05:52]}
Rf2+ {[%clk 0:02:40]} 96. Kxf2 {[%clk 0:05:52]} 1/2-1/2

[Event "Baku Chess Olympiad | Open"]
[Site "chess24.com"]
[Date "2016.09.12"]
[Round "10"]
[White "Kazhgaleyev, Murtas"]
[Black "Bilguun, Sumiya"]
[Result "1-0"]
[Board "3"]
[WhiteID "13700316"]
[WhiteElo "2594"]
[WhiteTitle "GM"]
[WhiteCountry "KAZ"]
[WhiteFideId "13700316"]
[WhiteEloChange "3"]
[BlackID "4901541"]
[BlackElo "2444"]
[BlackTitle "FM"]
[BlackCountry "MGL"]
[BlackFideId "4901541"]
[BlackEloChange "-3"]

1. d4 {[%clk 1:30:57]} d5 {[%clk 1:30:52]} 2. c4 {[%clk 1:31:23]} e6 {[%clk
1:31:15]} 3. Nc3 {[%clk 1:31:50]} c6 {[%clk 1:31:38]} 4. cxd5 {[%clk 1:32:17]}
exd5 {[%clk 1:31:57]} 5. Bf4 {[%clk 1:32:44]} Nf6 {[%clk 1:26:24]} 6. e3 {[%clk
1:32:35]} Bf5 {[%clk 1:22:37]} 7. Nge2 {[%clk 1:30:21]} Nbd7 {[%clk 1:18:24]} 8.
Ng3 {[%clk 1:28:27]} Be6 {[%clk 1:17:31]} 9. Bd3 {[%clk 1:27:24]} g6 {[%clk
1:17:08]} 10. O-O {[%clk 1:25:30]} Be7 {[%clk 1:10:50]} 11. f3 {[%clk 1:22:50]}
h5 {[%clk 1:04:15]} 12. h3 {[%clk 1:17:21]} h4 {[%clk 0:54:32]} 13. Nge2 {[%clk
1:14:06]} Nh5 {[%clk 0:52:14]} 14. e4 {[%clk 1:06:10]} Ndf6 {[%clk 0:47:12]} 15.
Be5 {[%clk 0:59:44]} O-O {[%clk 0:45:51]} 16. Qc2 {[%clk 0:55:33]} Ne8 {[%clk
0:42:39]} 17. Rae1 {[%clk 0:50:16]} Neg7 {[%clk 0:39:38]} 18. exd5 {[%clk
0:46:22]} cxd5 {[%clk 0:39:01]} 19. Nf4 {[%clk 0:45:45]} Nxf4 {[%clk 0:31:42]}
20. Bxf4 {[%clk 0:46:09]} Bf5 {[%clk 0:23:41]} 21. Re5 {[%clk 0:38:50]} Be6
{[%clk 0:19:15]} 22. Re2 {[%clk 0:32:48]} Nf5 {[%clk 0:10:37]} 23. Bxf5 {[%clk
0:28:07]} Bxf5 {[%clk 0:10:58]} 24. Qd2 {[%clk 0:28:25]} Be6 {[%clk 0:07:01]} 25.
Rfe1 {[%clk 0:27:16]} Rc8 {[%clk 0:06:39]} 26. Qd3 {[%clk 0:21:17]} Kh7 {[%clk
0:03:52]} 27. Qb5 {[%clk 0:17:37]} Bf6 {[%clk 0:01:10]} 28. Qxb7 {[%clk 0:15:00]}
Bxd4+ {[%clk 0:01:15]} 29. Kh1 {[%clk 0:15:23]} Bg7 {[%clk 0:00:42]} 30. Qxa7
{[%clk 0:12:53]} Kg8 {[%clk 0:00:40]} 31. Be5 {[%clk 0:12:24]} Bxe5 {[%clk
0:00:49]} 32. Rxe5 {[%clk 0:12:48]} d4 {[%clk 0:01:11]} 33. Rd1 {[%clk 0:10:42]}
Qf6 {[%clk 0:00:33]} 34. Qxd4 {[%clk 0:10:49]} Bxh3 {[%clk 0:00:37]} 35. Rd5
{[%clk 0:06:43]} Qxd4 {[%clk 0:00:42]} 36. R5xd4 {[%clk 0:07:08]} Be6 {[%clk
0:01:02]} 37. Rxh4 {[%clk 0:07:28]} Ra8 {[%clk 0:01:27]} 38. a4 {[%clk 0:06:13]}
Rfb8 {[%clk 0:01:29]} 39. b4 {[%clk 0:06:01]} Bb3 {[%clk 0:01:30]} 40. Rb1 {[%clk
0:34:27]} Bxa4 {[%clk 0:31:16]} 41. b5 {[%clk 0:33:13]} Bc2 {[%clk 0:31:17]} 42.
Rb2 {[%clk 0:27:02]} Bf5 {[%clk 0:31:15]} 43. b6 {[%clk 0:21:58]} Bc8 {[%clk
0:29:35]} 44. Rc4 {[%clk 0:18:31]} Bb7 {[%clk 0:27:27]} 45. Kh2 {[%clk 0:17:03]}
Ra6 {[%clk 0:27:46]} 46. Rcb4 {[%clk 0:16:24]} Kg7 {[%clk 0:27:05]} 47. Kg3
{[%clk 0:16:33]} g5 {[%clk 0:25:24]} 48. Ra4 {[%clk 0:13:44]} Rxa4 {[%clk
0:24:41]} 49. Nxa4 {[%clk 0:14:13]} f5 {[%clk 0:23:12]} 50. Nc5 {[%clk 0:13:58]}
Kf7 {[%clk 0:22:41]} 51. Nxb7 {[%clk 0:12:22]} Rxb7 {[%clk 0:23:08]} 52. Rb5
{[%clk 0:12:41]} Ke6 {[%clk 0:22:51]} 53. Kf2 {[%clk 0:12:45]} g4 {[%clk
0:22:58]} 54. fxg4 {[%clk 0:11:43]} fxg4 {[%clk 0:23:27]} 55. Kg3 {[%clk
0:12:05]} Kd7 {[%clk 0:23:50]} 56. Kxg4 {[%clk 0:12:25]} Kc6 {[%clk 0:24:20]} 57.
Rb2 {[%clk 0:12:39]} Rb8 {[%clk 0:24:13]} 58. b7 {[%clk 0:10:58]} Kc7 {[%clk
0:24:40]} 59. Kf5 {[%clk 0:11:02]} Rf8+ {[%clk 0:25:05]} 60. Ke6 {[%clk 0:11:08]}
Kb8 {[%clk 0:25:33]} 61. g4 {[%clk 0:11:19]} 1-0

[Event "Baku Chess Olympiad | Open"]
[Site "chess24.com"]
[Date "2016.09.12"]
[Round "10"]
[White "Battulga, Namkhai"]
[Black "Ismagambetov, Anuar"]
[Result "0-1"]
[Board "4"]
[WhiteID "4900880"]
[WhiteElo "2402"]
[WhiteTitle "IM"]
[WhiteCountry "MGL"]
[WhiteFideId "4900880"]
[WhiteEloChange "-3"]
[BlackID "13701525"]
[BlackElo "2542"]
[BlackTitle "GM"]
[BlackCountry "KAZ"]
[BlackFideId "13701525"]
[BlackEloChange "3"]

1. d4 {[%clk 1:29:58]} Nf6 {[%clk 1:30:35]} 2. Nf3 {[%clk 1:30:18]} d5 {[%clk
1:29:25]} 3. e3 {[%clk 1:30:06]} e6 {[%clk 1:28:39]} 4. Bd3 {[%clk 1:29:23]} c5
{[%clk 1:28:59]} 5. c3 {[%clk 1:29:43]} Nc6 {[%clk 1:29:18]} 6. Nbd2 {[%clk
1:30:00]} Bd6 {[%clk 1:29:40]} 7. O-O {[%clk 1:29:57]} O-O {[%clk 1:30:05]} 8.
Qe2 {[%clk 1:30:06]} Qc7 {[%clk 1:29:20]} 9. h3 {[%clk 1:24:29]} e5 {[%clk
1:24:27]} 10. dxe5 {[%clk 1:13:32]} Nxe5 {[%clk 1:23:47]} 11. Nxe5 {[%clk
1:13:43]} Bxe5 {[%clk 1:24:12]} 12. e4 {[%clk 1:12:17]} Re8 {[%clk 1:22:58]} 13.
Qf3 {[%clk 1:07:09]} Be6 {[%clk 1:13:27]} 14. Re1 {[%clk 1:06:20]} c4 {[%clk
1:09:53]} 15. Bc2 {[%clk 1:03:33]} Rad8 {[%clk 1:09:02]} 16. Qe3 {[%clk 0:48:02]}
d4 {[%clk 0:55:02]} 17. Qf3 {[%clk 0:47:36]} Qa5 {[%clk 0:49:27]} 18. cxd4 {[%clk
0:47:06]} Bxd4 {[%clk 0:45:56]} 19. Re2 {[%clk 0:46:12]} Nd7 {[%clk 0:41:14]} 20.
Nf1 {[%clk 0:44:02]} Ne5 {[%clk 0:40:41]} 21. Qg3 {[%clk 0:44:02]} Nd3 {[%clk
0:39:42]} 22. Bd2 {[%clk 0:43:50]} Qh5 {[%clk 0:37:55]} 23. Bxd3 {[%clk 0:37:56]}
Bxb2 {[%clk 0:32:15]} 24. Rb1 {[%clk 0:32:05]} Rxd3 {[%clk 0:30:12]} 25. Re3
{[%clk 0:31:58]} Be5 {[%clk 0:29:42]} 26. Rxd3 {[%clk 0:22:46]} Bxg3 {[%clk
0:29:50]} 27. Nxg3 {[%clk 0:23:07]} Qc5 {[%clk 0:28:26]} 28. Be3 {[%clk 0:19:39]}
Qa5 {[%clk 0:27:39]} 29. Rd2 {[%clk 0:19:58]} b5 {[%clk 0:27:13]} 30. Rdb2 {[%clk
0:15:53]} a6 {[%clk 0:26:52]} 31. Bc5 {[%clk 0:16:17]} Qc7 {[%clk 0:26:49]} 32.
Bd4 {[%clk 0:15:08]} Rd8 {[%clk 0:24:05]} 33. Rd2 {[%clk 0:15:19]} c3 {[%clk
0:22:38]} 0-1

[Event "Baku Chess Olympiad | Open"]
[Site "chess24.com"]
[Date "2016.09.12"]
[Round "10"]
[White "Zhang, Zhong"]
[Black "Predojevic, Borki"]
[Result "1/2-1/2"]
[Board "1"]
[WhiteID "8600694"]
[WhiteElo "2637"]
[WhiteTitle "GM"]
[WhiteCountry "SIN"]
[WhiteFideId "8600694"]
[BlackID "930849"]
[BlackElo "2642"]
[BlackTitle "GM"]
[BlackCountry "BIH"]
[BlackFideId "930849"]

1. e4 {[%clk 1:30:46]} e5 {[%clk 1:30:41]} 2. Nf3 {[%clk 1:31:05]} Nc6 {[%clk
1:31:03]} 3. d4 {[%clk 1:31:16]} exd4 {[%clk 1:31:26]} 4. Nxd4 {[%clk 1:31:43]}
Nf6 {[%clk 1:31:31]} 5. Nc3 {[%clk 1:29:54]} Bb4 {[%clk 1:31:14]} 6. Nxc6 {[%clk
1:30:18]} bxc6 {[%clk 1:31:39]} 7. Bd3 {[%clk 1:30:45]} O-O {[%clk 1:31:35]} 8.
O-O {[%clk 1:31:11]} d5 {[%clk 1:31:54]} 9. exd5 {[%clk 1:31:31]} cxd5 {[%clk
1:32:17]} 10. h3 {[%clk 1:28:47]} Rb8 {[%clk 1:27:22]} 11. Qf3 {[%clk 1:24:59]}
Bb7 {[%clk 1:24:43]} 12. Bg5 {[%clk 1:18:47]} Be7 {[%clk 1:24:43]} 13. Rfe1
{[%clk 1:18:47]} d4 {[%clk 1:00:26]} 14. Ne4 {[%clk 1:15:13]} Nxe4 {[%clk
1:00:26]} 15. Bxe7 {[%clk 1:15:27]} Qxe7 {[%clk 1:00:47]} 16. Bxe4 {[%clk
1:15:47]} Bxe4 {[%clk 1:00:31]} 17. Rxe4 {[%clk 1:16:10]} Qc5 {[%clk 1:00:31]}
18. b3 {[%clk 1:16:10]} Rfe8 {[%clk 0:53:56]} 19. Rae1 {[%clk 1:13:39]} Rxe4
{[%clk 0:53:59]} 20. Qxe4 {[%clk 1:13:58]} g6 {[%clk 0:54:17]} 21. Re2 {[%clk
1:13:59]} Rd8 {[%clk 0:45:07]} 22. Qe5 {[%clk 1:07:02]} Qc6 {[%clk 0:40:59]} 23.
Qf4 {[%clk 0:54:32]} Qd6 {[%clk 0:38:45]} 24. Qxd6 {[%clk 0:44:55]} Rxd6 {[%clk
0:39:08]} 25. Kf1 {[%clk 0:43:55]} Kg7 {[%clk 0:27:44]} 26. Re4 {[%clk 0:37:19]}
Rc6 {[%clk 0:26:54]} 27. Rxd4 {[%clk 0:37:14]} Rxc2 {[%clk 0:27:22]} 28. Ra4
{[%clk 0:37:38]} c5 {[%clk 0:27:13]} 29. g4 {[%clk 0:34:39]} g5 {[%clk 0:19:20]}
30. Kg2 {[%clk 0:30:45]} h5 {[%clk 0:16:05]} 31. Rxa7 {[%clk 0:28:39]} c4 {[%clk
0:16:12]} 32. Ra5 {[%clk 0:21:26]} f6 {[%clk 0:13:03]} 33. b4 {[%clk 0:02:55]}
Rb2 {[%clk 0:13:03]} 34. b5 {[%clk 0:02:55]} c3 {[%clk 0:09:12]} 35. Ra7+ {[%clk
0:02:48]} Kg6 {[%clk 0:09:30]} 36. Rc7 {[%clk 0:02:48]} hxg4 {[%clk 0:06:23]} 37.
hxg4 {[%clk 0:02:59]} Rxb5 {[%clk 0:06:48]} 38. Rxc3 {[%clk 0:03:25]} Ra5 {[%clk
0:07:15]} 39. a3 {[%clk 0:02:47]} f5 {[%clk 0:07:34]} 40. gxf5+ {[%clk 0:31:41]}
Kxf5 {[%clk 0:37:58]} 41. Rf3+ {[%clk 0:22:45]} Kg6 {[%clk 0:35:03]} 42. Kf1
{[%clk 0:22:25]} g4 {[%clk 0:34:14]} 43. Rb3 {[%clk 0:21:12]} Ra4 {[%clk
0:34:26]} 44. Ke2 {[%clk 0:19:30]} Kf5 {[%clk 0:33:35]} 45. Kd1 {[%clk 0:19:12]}
Rf4 {[%clk 0:30:22]} 46. Ke1 {[%clk 0:18:58]} Ra4 {[%clk 0:30:15]} 47. Ke2 {[%clk
0:19:16]} Re4+ {[%clk 0:29:25]} 48. Re3 {[%clk 0:18:57]} Ra4 {[%clk 0:29:02]} 49.
Kf1 {[%clk 0:15:28]} Kf6 {[%clk 0:26:40]} 50. Kg2 {[%clk 0:14:56]} Kf5 {[%clk
0:26:26]} 51. Kg3 {[%clk 0:15:21]} Kg5 {[%clk 0:23:39]} 52. Rb3 {[%clk 0:15:16]}
Kf5 {[%clk 0:23:41]} 53. Kh4 {[%clk 0:15:25]} Ra8 {[%clk 0:21:53]} 54. Kg3 {[%clk
0:13:38]} Ra4 {[%clk 0:20:54]} 55. Rd3 {[%clk 0:12:54]} Kg5 {[%clk 0:18:49]} 56.
Kg2 {[%clk 0:13:07]} Kf5 {[%clk 0:19:12]} 57. Kf1 {[%clk 0:13:34]} Ke5 {[%clk
0:17:59]} 58. Ke1 {[%clk 0:13:29]} Kf5 {[%clk 0:18:14]} 59. Re3 {[%clk 0:13:41]}
Rd4 {[%clk 0:16:29]} 60. Re2 {[%clk 0:13:14]} Rd3 {[%clk 0:16:32]} 61. Re3 {[%clk
0:11:45]} Rd4 {[%clk 0:16:56]} 62. Rb3 {[%clk 0:11:38]} Re4+ {[%clk 0:15:31]} 63.
Kd1 {[%clk 0:11:56]} Rf4 {[%clk 0:15:48]} 64. Rb5+ {[%clk 0:10:50]} Ke6 {[%clk
0:15:34]} 65. Ke2 {[%clk 0:09:13]} Ra4 {[%clk 0:14:51]} 66. Rb4 {[%clk 0:07:14]}
Rxa3 {[%clk 0:15:10]} 67. Rxg4 {[%clk 0:07:41]} Kf5 {[%clk 0:15:30]} 1/2-1/2